Zhongguo jie fang qu she ying shi lue /
Saved in:
| Main Author: | |
|---|---|
| Other Authors: | |
| Format: | Book |
| Language: | Chinese |
| Published: |
Taiyuan :
Shanxi ren min chu ban she : Shanxi sheng xin hua shu dian fa xing,
1989.
|
| Edition: | Di 1 ban. |
| Subjects: | |
| Tags: |
Add Tag
No Tags, Be the first to tag this record!
|
| LEADER | 01780cam a2200457 a 4500 | ||
|---|---|---|---|
| 001 | 014159645-7 | ||
| 005 | 20150514140249.0 | ||
| 008 | 901106s1989 cc af b 000 0 chi | ||
| 010 | |a 90208354 | ||
| 020 | |a 7203009416 | ||
| 020 | |a 9787203009412 | ||
| 035 | 0 | |a ocm23047576 | |
| 040 | |a DLC-R |b eng |c DLC |d OCLCG |d OCLCO |d OCLCF |d OCLCQ |d OCLCO |d HMY | ||
| 043 | |a a-cc--- | ||
| 050 | 0 | 0 | |a TR101 |b .G8232 1989 |
| 100 | 1 | |6 880-01 |a Gu, Di, |d 1929- | |
| 245 | 1 | 0 | |6 880-02 |a Zhongguo jie fang qu she ying shi lue / |c Gu Di, Fang Wei zhu. |
| 250 | |6 880-03 |a Di 1 ban. | ||
| 260 | |6 880-04 |a Taiyuan : |b Shanxi ren min chu ban she : |b Shanxi sheng xin hua shu dian fa xing, |c 1989. | ||
| 300 | |a 7, 496 pages, 31, [1], 64 pages of plates : |b illustrations ; |c 21 cm | ||
| 336 | |a text |b txt |2 rdacontent | ||
| 337 | |a unmediated |b n |2 rdamedia | ||
| 338 | |a volume |b nc |2 rdacarrier | ||
| 504 | |a Includes bibliographical references. | ||
| 650 | 0 | |a Photography |z China |x History |y 20th century. | |
| 650 | 0 | |a Photojournalism |z China |x History |y 20th century. | |
| 650 | 7 | |a Photography. |2 fast | |
| 650 | 7 | |a Photojournalism. |2 fast | |
| 651 | 7 | |a China. |2 fast | |
| 648 | 7 | |a 1900 - 1999 |2 fast | |
| 655 | 7 | |a History. |2 fast | |
| 700 | 1 | |6 880-05 |a Fang, Wei, |d 1960- | |
| 776 | 0 | 8 | |i Online version: |a Gu, Di, 1929- |t Zhongguo jie fang qu she ying shi lue. |b Di 1 ban. |d Taiyuan : Shanxi ren min chu ban she : Shanxi sheng xin hua shu dian fa xing, 1989 |w (OCoLC)758520512 |
| 880 | 1 | |6 100-01 |a 顾棣, |d 1929- | |
| 880 | 1 | 0 | |6 245-02 |a 中國解放区攝影史略 / |c 顾棣, 方伟著. |
| 880 | |6 250-03 |a 第1版. | ||
| 880 | |6 260-04 |a 太原 : |b 山西人民出版社 : |b 山西省新华书店发行, |c 1989. | ||
| 880 | 1 | |6 700-05 |a 方伟, |d 1960- | |
| 988 | |a 20140911 | ||
| 049 | |a HMYY | ||
| 906 | |0 OCLC | ||


